000 00829nam a2200217 a 4500
005 20140412111244.0
008 001110s19uu xx 00 eng d
020 _a0-916392-07-4
050 _aREF 303.3
_bJ63 1976
100 _aJohnson, Ann Donegan
245 _aThe Value of determination :
_bthe story of Helen Keller /
_cAnn Donegan Johnson ; illustrated by Steve Pileggi.
260 _aLa Jolla, CA :
_bValue Comm,
_c1976.
300 _a63 p. ; col. ; ill.
440 _aA Value Tale Series
520 _aFocuses on Helen Keller's determination to help, hear, see, and speak and her equal determination to help others with handicaps similar to her own.
650 _aKeller, Helen Adams, 1880-1968
650 _aBlind-deaf
650 _aPerseverance (Ethics)
650 _aPhysically handicapped
999 _c102855
_d102855